000 00926nam a22003137a 4500
001 BR0200814
003 BR-BrBNA
005 20230928101007.0
007 ta
008 230509b bl.||||| |||| 00| 0 por d
040 _aBR-BrBNA
_bpor
_cBiblioteca Nacional de Agricultura
041 _a(Por)
072 _aF30; U10
_b1410
090 _ 1410 BR0200814
100 1 _aRoyer, M.R.
110 1 _aUniversidade Estadual de Maringa, PR (Brasil)
_0Tese (Mestrado)
_910653
245 1 _aHibridacao natural em feijoeiro (Phaseolus vulgaris L.)em Maringa, Parana
260 3 _aMaringa, PR (Brasil):
_c1999.
300 _a43 p.
500 _aSummaries (Eng, Por); 45 ref.; 14 illus.
650 _aFeijao
650 _aMelhoramento Genetico Vegetal
650 _aHibridacao
650 _aVariedade Resistente
650 _aMetodo Estatistico
650 _aParana
909 _a202309
_bLucia
_c55
_dLucia Elande
942 _cBK
999 _c63766
_d63766